Mary Queen of Scots (Record no. 121564)

MARC details
000 -LÍDER
campo de controle de tamanho fixo 01034 a2200265 4500
001 - NÚMERO DE CONTROLE
campo de controle 121564
020 ## - ISBN - INTERNATIONAL STANDARD BOOK NUMBER
ISBN - International Standard Book Number 9781407116228
040 ## - FONTE DA CATALOGAÇÃO
Instituição que transcreveu o registro Escola Canadense de Niteroi
090 ## - NÚMERO DE CHAMADA LOCAL
Número de chamada (OCLC) (R); Número de chamada, CALL (RLIN) (NR) LAS
100 ## - ENTRADA PRINCIPAL--NOME PESSOAL
Nome pessoal Lasky, Kathryn
245 10 - TÍTULO
Título Mary Queen of Scots
250 ## - EDIÇÃO
Edição Reissue Edition
260 ## - PUBLICAÇÃO, DISTRIBUIÇÃO, ETC.
Local de publicação, distribuição, etc. London
300 ## - DESCRIÇÃO FÍSICA
Dimensões 3 x 19,7 x 0,13 cm
362 0# - DATAS DE PUBLICAÇÃO E/OU DESIGNAÇÃO SEQUENCIAL
Datas de publicação e/ou designação sequencial 2010
490 0# - TÍTULO DA SÉRIE
Título da série My Royal Story
520 ## - NOTA DE RESUMO, ETC
Resumo, etc. At just 11 years old, the young princess Mary is sent from her native Scotland to live in the court of her future father-in-law, King Henry II of France. She spends her time attending balls, hunting and hawking, learning Latin and fractions and music, and playing with her future husband, Francis. But one day she knows the games will end and she will have to embark on the serious business of being queen of France.
650 #4 - ASSUNTO--TERMO TÓPICO
Cabeçalho tópico ou nome geográfico European History
650 #4 - ASSUNTO--TERMO TÓPICO
Cabeçalho tópico ou nome geográfico Strong Womens
650 #4 - ASSUNTO--TERMO TÓPICO
Cabeçalho tópico ou nome geográfico Young Adult Literature
650 #4 - ASSUNTO--TERMO TÓPICO
Cabeçalho tópico ou nome geográfico Princesses and Princes
650 #4 - ASSUNTO--TERMO TÓPICO
Cabeçalho tópico ou nome geográfico Kings and Queens
650 #4 - ASSUNTO--TERMO TÓPICO
Cabeçalho tópico ou nome geográfico Biography
942 ## - ELEMENTOS DE ENTRADA ADICIONADOS (KOHA)
Tipo de material Koha Livros
Holdings
Situação do descarte Situação das perdas Situação física Não pode ser emprestado Biblioteca de origem Biblioteca atual Data de aquisição Total de empréstimos Número de chamada completo Código de barras Data de último acesso Data do preço efetivo Tipo de material Koha
        Canadian School of Niterói - Itacoatiara Canadian School of Niterói - Itacoatiara 09/02/2024   LAS A06101 09/02/2024 09/02/2024 Livros